[Event "SVK-chT2A 1415"]
[Site "Slovakia"]
[Date "2015.02.15"]
[Round "9.5"]
[White "Karlik, Lukas"]
[Black "Meszaros, Lorant"]
[Result "1-0"]
[WhiteElo "1940"]
[BlackElo "2071"]
[PlyCount "69"]
[EventDate "2014.10.11"]
[EventType "team-tourn"]
[EventRounds "11"]
[EventCountry "SVK"]
[SourceTitle "EXT 2016"]
[Source "ChessBase"]
[SourceDate "2015.10.08"]
[SourceVersion "1"]
[SourceVersionDate "2015.10.08"]
[SourceQuality "1"]
[WhiteTeam "Modra II"]
[BlackTeam "Potonska Veza"]
[WhiteTeamCountry "SVK"]
[BlackTeamCountry "SVK"]

1. d4 f5 2. c4 Nf6 3. Nc3 g6 4. g3 Bg7 5. Bg2 0-0 6. Bf4 d6 7. Qb3 c6 8. c5+ Kh8 9. Nf3 Nh5 10. Rd1 Nxf4 11. gxf4 Na6 12. cxd6 exd6 13. Ng5 Qe7 14. h4 d5 15. h5 h6 16. hxg6 Nc7 17. Nf7+ Rxf7 18. gxf7 Ne6 19. Kf1 Nxf4 20. Bf3 Qxf7 21. Na4 Qf6 22. Qa3 Be6 23. Qd6 Ng6 24. Nc5 Re8 25. Nxb7 Bf8 26. Qxc6 Rc8 27. Qa6 Nf4 28. e3 Ng6 29. Bxd5 Rb8 30. Qxe6 Qxe6 31. Bxe6 Rxb7 32. Bxf5 Ne7 33. Be6 Rxb2 34. Kg2 Kg7 35. Rb1 1-0

[Event "SVK-chT2A 1415"]
[Site "Slovakia"]
[Date "2015.02.14"]
[Round "8.5"]
[White "Krajnak, Robert"]
[Black "Karlik, Lukas"]
[Result "1-0"]
[WhiteElo "2103"]
[BlackElo "1940"]
[PlyCount "91"]
[EventDate "2014.10.11"]
[EventType "team-tourn"]
[EventRounds "11"]
[EventCountry "SVK"]
[SourceTitle "EXT 2016"]
[Source "ChessBase"]
[SourceDate "2015.10.08"]
[SourceVersion "1"]
[SourceVersionDate "2015.10.08"]
[SourceQuality "1"]
[WhiteTeam "Bratislava Doprastav II"]
[BlackTeam "Modra II"]
[WhiteTeamCountry "SVK"]
[BlackTeamCountry "SVK"]

1. c4 c6 2. Nf3 d5 3. e3 e6 4. b3 f5 5. Be2 Nf6 6. 0-0 Bd6 7. Ba3 0-0 8. Bxd6 Qxd6 9. d4 Nbd7 10. Nc3 Ne4 11. Rc1 Rf6 12. Nd2 Rh6 13. f4 Nxd2 14. Qxd2 Qe7 15. Bd3 Nf6 16. g3 Ng4 17. h4 Bd7 18. Be2 Nf6 19. Bf3 Be8 20. c5 Bh5 21. b4 Rf8 22. Bg2 Rg6 23. Qe1 Bg4 24. Kh2 Nh5 25. Rg1 Nxg3 26. Qxg3 Rh6 27. Rh1 Rff6 28. Kg1 Rfg6 29. Qf2 Rh5 30. Kf1 Rgh6 31. Ke1 b6 32. Kd2 Qb7 33. Rb1 Qe7 34. Ne2 Qd8 35. Bf3 Rxh4 36. Rxh4 Rxh4 37. Rh1 Rxh1 38. Bxh1 Bxe2 39. Kxe2 Qc8 40. Bg2 Qa6+ 41. Kf3 Qc4 42. Qd2 b5 43. Kf2 a5 44. Bf1 Qxb4 45. Qxb4 axb4 46. Bxb5 1-0

[Event "SVK-chT2A 1415"]
[Site "Slovakia"]
[Date "2014.11.09"]
[Round "4.5"]
[White "Karlik, Lukas"]
[Black "Ochrana, Ladislav"]
[Result "0-1"]
[WhiteElo "1940"]
[BlackElo "1994"]
[PlyCount "48"]
[EventDate "2014.10.11"]
[EventType "team-tourn"]
[EventRounds "11"]
[EventCountry "SVK"]
[SourceTitle "EXT 2016"]
[Source "ChessBase"]
[SourceDate "2015.10.08"]
[SourceVersion "1"]
[SourceVersionDate "2015.10.08"]
[SourceQuality "1"]
[WhiteTeam "Modra II"]
[BlackTeam "Devinska Nova Ves II"]
[WhiteTeamCountry "SVK"]
[BlackTeamCountry "SVK"]

1. d4 d5 2. c4 c5 3. Nf3 cxd4 4. Qxd4 Nf6 5. cxd5 Qxd5 6. Nc3 Qxd4 7. Nxd4 a6 8. e4 e5 9. Nf3 Nc6 10. a3 Bg4 11. Be2 h6 12. Nd5 Nxd5 13. exd5 Bxf3 14. Bxf3 Nd4 15. Bd1 0-0-0 16. 0-0 Rxd5 17. f4 Bc5 18. Kh1 e4 19. Be3 Nf5 20. Bc1 Kb8 21. Bc2 Re8 22. g4 Nd4 23. Ba4 Re7 24. f5 e3 0-1

[Event "SVK-chT2A 1213"]
[Site "Slovakia"]
[Date "2013.02.02"]
[Round "7.6"]
[White "Curidlo, Jan"]
[Black "Karlik, Lukas"]
[Result "1/2-1/2"]
[WhiteElo "1880"]
[BlackElo "1947"]
[PlyCount "126"]
[EventDate "2012.10.13"]
[EventType "team-tourn"]
[EventRounds "11"]
[EventCountry "SVK"]
[SourceTitle "EXT 2015"]
[Source "ChessBase"]
[SourceDate "2014.11.20"]
[SourceVersion "1"]
[SourceVersionDate "2014.11.20"]
[SourceQuality "1"]
[WhiteTeam "Piestany Kupele"]
[BlackTeam "Modra II"]
[WhiteTeamCountry "SVK"]
[BlackTeamCountry "SVK"]

1. e4 d5 2. exd5 Qxd5 3. Nc3 Qa5 4. Nf3 Nf6 5. d3 c6 6. Bd2 Qc7 7. h3 Nbd7 8. Be2 g6 9. a3 Bg7 10. Rb1 0-0 11. 0-0 b6 12. Qc1 Re8 13. Re1 e5 14. Bh6 Bb7 15. Bxg7 Kxg7 16. Nd2 Nd5 17. Nce4 f5 18. Ng3 Nc5 19. b4 Ne6 20. Qb2 Kg8 21. Bf1 Ng5 22. Nc4 Nf7 23. Rbd1 Re7 24. Ne2 Rae8 25. Ne3 Nf4 26. Qa1 c5 27. b5 Ne6 28. c3 Ba8 29. c4 Nd4 30. Nc3 Rd7 31. Qb1 Qd8 32. Ned5 Kg7 33. Qc1 f4 34. Kh1 Qh4 35. Qd2 Bxd5 36. Nxd5 g5 37. a4 g4 38. Nxf4 gxh3 39. Nxh3 Re6 40. Re4 Qh5 41. Rde1 Rh6 42. R1e3 Rdd6 43. Rg3+ Rdg6 44. Rxg6+ hxg6 45. Be2 Qf5 46. Bg4 Qf6 47. Kg1 Rh4 48. Qd1 Nh6 49. f3 Nf7 50. Qe1 Rh8 51. a5 Rd8 52. a6 Nc2 53. Qe2 Nb4 54. Nf2 Qg5 55. Be6 Qc1+ 56. Kh2 Rh8+ 57. Nh3 Ng5 58. Rxe5 Qf4+ 59. Kg1 Rxh3 60. Bxh3 Nxh3+ 61. gxh3 Qg3+ 62. Kh1 Qxh3+ 63. Kg1 Qg3+ 1/2-1/2

[Event "SVK-chT2A 1112"]
[Site "Slovakia"]
[Date "2012.02.25"]
[Round "10.6"]
[White "Manak, Adrian"]
[Black "Karlik, Lukas"]
[Result "0-1"]
[WhiteElo "1931"]
[BlackElo "1871"]
[PlyCount "100"]
[EventDate "2011.10.08"]
[EventType "team-tourn"]
[EventRounds "11"]
[EventCountry "SVK"]
[SourceTitle "EXT 2013"]
[Source "ChessBase"]
[SourceDate "2012.11.22"]
[SourceVersion "1"]
[SourceVersionDate "2012.11.22"]
[SourceQuality "1"]
[WhiteTeam "Piestany Kupele"]
[BlackTeam "Modra II"]
[WhiteTeamCountry "SVK"]
[BlackTeamCountry "SVK"]

1. e4 d5 2. exd5 Qxd5 3. Nc3 Qa5 4. d4 c6 5. Bc4 Nf6 6. Bd2 Qc7 7. Nge2 Bf5 8. Bf4 Qb6 9. Bb3 e6 10. 0-0 Be7 11. Ng3 Bg6 12. Re1 0-0 13. Na4 Qa5 14. Nc5 Bxc5 15. dxc5 Rd8 16. Bd6 Na6 17. Qd4 b6 18. cxb6 axb6 19. Qe5 Qxe5 20. Bxe5 Nc5 21. Bc7 Rd2 22. Bxb6 Nxb3 23. axb3 Rxa1 24. Rxa1 h5 25. c3 Rxb2 26. b4 Ng4 27. h3 Ne5 28. Ra8+ Kh7 29. Rc8 h4 30. Nh1 Be4 31. f3 Rb1+ 32. Kh2 Rb2 33. Nf2 Bd5 34. Bd4 Nc4 35. Rc7 e5 36. Bc5 Nd2 37. Kg1 Rb1+ 38. Nd1 Rxd1+ 39. Kf2 Nc4 40. Be3 Rd3 41. Bg5 Rxc3 42. Bxh4 Rc2+ 43. Kg1 Rb2 44. Rb7 Ne3 45. Bf2 Rb1+ 46. Kh2 Nf1+ 47. Kg1 f5 48. f4 Ng3+ 49. Kh2 exf4 50. Bd4 Rh1# 0-1

[Event "SVK-chT3A2 0809"]
[Site "Slovakia"]
[Date "2009.03.22"]
[Round "10.6"]
[White "Karlik, Lukas"]
[Black "Kahancova, Ivana"]
[Result "1-0"]
[WhiteElo "1841"]
[BlackElo "1700"]
[PlyCount "83"]
[EventDate "2008.10.19"]
[EventType "team-tourn"]
[EventRounds "11"]
[EventCountry "SVK"]
[SourceTitle "EXT 2010"]
[Source "ChessBase"]
[SourceDate "2010.11.25"]
[SourceVersion "1"]
[SourceVersionDate "2010.11.25"]
[SourceQuality "1"]
[WhiteTeam "Osuske II"]
[BlackTeam "Dunajska Streda SK III"]
[WhiteTeamCountry "SVK"]
[BlackTeamCountry "SVK"]

1. d4 d5 2. Nf3 Bf5 3. c4 Nf6 4. Nc3 e6 5. Qb3 b6 6. Bg5 c6 7. e3 Be7 8. Be2 0-0 9. Ne5 dxc4 10. Qxc4 b5 11. Qb3 Nfd7 12. Bxe7 Qxe7 13. Bf3 Nxe5 14. dxe5 Bd3 15. Be4 Bc4 16. Qc2 h6 17. b3 Bd5 18. 0-0 Nd7 19. Bd3 Nxe5 20. e4 Nxd3 21. Qxd3 a6 22. exd5 cxd5 23. Rfe1 Qf6 24. Rad1 Rfc8 25. Re3 Rc7 26. g3 Rac8 27. Ne2 Rc2 28. a4 bxa4 29. bxa4 R2c4 30. Qb3 Qe7 31. Rxd5 Rb4 32. Qa2 Qe8 33. Rd4 Rb6 34. Red3 Rcb8 35. Nc3 Rb2 36. Qxb2 Rxb2 37. Rd8 Qxd8 38. Rxd8+ Kh7 39. Rd6 Rb3 40. Ne2 Rb1+ 41. Kg2 Ra1 42. Rxa6 1-0

[Event "SVK-chT3A2 0607"]
[Site "Slovakia"]
[Date "2007.01.28"]
[Round "7"]
[White "Palka, Martin"]
[Black "Karlik, Lukas"]
[Result "1/2-1/2"]
[WhiteElo "1901"]
[BlackElo "1842"]
[PlyCount "61"]
[EventDate "2006.10.08"]
[EventType "team-tourn"]
[EventRounds "11"]
[EventCountry "SVK"]
[SourceTitle "EXT 2008"]
[Source "ChessBase"]
[SourceDate "2007.11.25"]
[SourceVersion "1"]
[SourceVersionDate "2007.11.25"]
[SourceQuality "1"]
[WhiteTeam "Senica II"]
[BlackTeam "Osuske II"]
[WhiteTeamCountry "SVK"]
[BlackTeamCountry "SVK"]

1. e4 d5 2. exd5 Qxd5 3. Nc3 Qa5 4. Bc4 Nf6 5. h3 c6 6. Nf3 Bf5 7. d3 e6 8. Bd2 Qc7 9. Qe2 Bd6 10. Nh4 Bg6 11. Nxg6 hxg6 12. Ne4 Nxe4 13. Qxe4 Nd7 14. 0-0-0 0-0-0 15. d4 Nf6 16. Qf3 Rh5 17. g4 Rh7 18. Rhe1 Rdh8 19. Bf1 Nd5 20. c4 Nf4 21. Bxf4 Bxf4+ 22. Kb1 Rd8 23. Bg2 Rhh8 24. d5 cxd5 25. cxd5 Kb8 26. dxe6 fxe6 27. Qe4 Rxd1+ 28. Rxd1 Rc8 29. a3 g5 30. Qa4 Qc4 31. Qxc4 1/2-1/2

[Event "SVK-chT3A2 0607"]
[Site "Slovakia"]
[Date "2006.10.22"]
[Round "2"]
[White "Karlik, Lukas"]
[Black "Hertel, Ondrej"]
[Result "0-1"]
[WhiteElo "1842"]
[BlackElo "1990"]
[PlyCount "34"]
[EventDate "2006.10.08"]
[EventType "team-tourn"]
[EventRounds "11"]
[EventCountry "SVK"]
[SourceTitle "EXT 2008"]
[Source "ChessBase"]
[SourceDate "2007.11.25"]
[SourceVersion "1"]
[SourceVersionDate "2007.11.25"]
[SourceQuality "1"]
[WhiteTeam "Osuske II"]
[BlackTeam "Hlohovec Junior"]
[WhiteTeamCountry "SVK"]
[BlackTeamCountry "SVK"]

1. d4 d5 2. Nf3 Nf6 3. Bf4 Bf5 4. e3 e6 5. Bd3 Bg6 6. Ne5 Nbd7 7. Nxg6 hxg6 8. Nd2 c6 9. Qe2 Qb6 10. 0-0 c5 11. dxc5 Bxc5 12. e4 dxe4 13. Nxe4 Nxe4 14. Qxe4 Nf6 15. Qa4+ Ke7 16. Rae1 Rad8 17. h3 Rd4 0-1

[Event "Stare Mesto op"]
[Site "Stare Mesto"]
[Date "2004.08.13"]
[Round "1"]
[White "Karlik, Lukas"]
[Black "Vrana, Frantisek"]
[Result "0-1"]
[WhiteElo "1855"]
[BlackElo "2275"]
[PlyCount "56"]
[EventDate "2004.08.13"]
[EventType "swiss"]
[EventRounds "10"]
[EventCountry "CZE"]
[SourceTitle "EXT 2006"]
[Source "ChessBase"]
[SourceDate "2005.11.24"]
[SourceVersion "1"]
[SourceVersionDate "2005.11.24"]
[SourceQuality "1"]

1. d4 b6 2. c4 e6 3. Nf3 Nf6 4. g3 Bb7 5. Bg2 Bb4+ 6. Bd2 Qe7 7. 0-0 0-0 8. a3 Bxd2 9. Nfxd2 Bxg2 10. Kxg2 c5 11. e4 cxd4 12. e5 Ne8 13. Nf3 Nc6 14. Re1 d6 15. Nbd2 dxe5 16. Nxe5 Nxe5 17. Rxe5 f6 18. Re4 e5 19. Qb3 Rf7 20. Rae1 Qb7 21. Kg1 Nd6 22. R4e2 Re8 23. Ne4 Qc6 24. f4 Nxc4 25. fxe5 Nxe5 26. Ng5 fxg5 27. Rxe5 Rxe5 28. Rxe5 Qc1+ 0-1

[Event "SVK-chT1W 0203"]
[Site "Slovakia"]
[Date "2003.03.16"]
[Round "11.8"]
[White "Karlik, Lukas"]
[Black "Nepras, Martin"]
[Result "0-1"]
[WhiteElo "1488"]
[BlackElo "1988"]
[PlyCount "88"]
[EventDate "2002.10.12"]
[EventType "team-tourn"]
[EventRounds "11"]
[EventCountry "SVK"]
[SourceTitle "EXT 2005"]
[Source "ChessBase"]
[SourceDate "2004.11.15"]
[SourceVersion "1"]
[SourceVersionDate "2004.11.15"]
[SourceQuality "1"]
[WhiteTeam "Osuske"]
[BlackTeam "Bratislava Doprastav"]
[WhiteTeamCountry "SVK"]
[BlackTeamCountry "SVK"]

1. d4 Nf6 2. c4 e6 3. Nc3 d5 4. Bg5 Be7 5. e3 0-0 6. Nf3 b6 7. cxd5 Nxd5 8. Nxd5 exd5 9. Bxe7 Qxe7 10. Be2 Nd7 11. 0-0 Nf6 12. Rc1 c5 13. dxc5 bxc5 14. b3 Bb7 15. Qc2 Rac8 16. Rfd1 Ne4 17. Qb2 Rfe8 18. Bb5 Red8 19. Qe5 Kf8 20. Qxe7+ Kxe7 21. Kf1 f5 22. g3 g5 23. Bd3 Kf6 24. Bxe4 fxe4 25. Nd2 g4 26. Nb1 Ke5 27. Na3 Ba6+ 28. Ke1 Rd6 29. Rd2 Rh6 30. Rdc2 Kd6 31. Kd2 Rxh2 32. Kc3 Bd3 33. Rd2 d4+ 34. Kb2 dxe3 35. Nc4+ Ke6 36. Nxe3 h5 37. Re1 Kd6 38. Nd1 Kc6 39. Kc3 Rf8 40. a3 a5 41. Rb2 Rf3 42. Kd2 h4 43. gxh4 g3 44. Kc3 gxf2 0-1